Návrh a výroba ustavovacieho boxu pre upínací komponent konektora RJ45

Na minha lista:
Detalhes bibliográficos
Autor principal: Štefula, Peter (Author)
Outros Autores: Buranský, Ivan (Thesis advisor)
Formato: Manuscrito Livro
Idioma:eslovaco
Publicado em: 2018
Assuntos:
Acesso em linha:http://is.stuba.sk/zp/portal_zp.pl?podrobnosti=138757
Tags: Adicionar Tag
Sem tags, seja o primeiro a adicionar uma tag!

MARC

LEADER 00000ntm a22000003a 4500
001 stuzp67874
003 SK-STU
005 20180820155447.5
007 ta
008 150427s2015----xo-----f-mn---000-0-slo-d
040 |a STU  |b slo 
041 0 |a slo 
100 1 |a Štefula, Peter  |u 063000  |4 aut  |U MTF Materiálovotechnologická fakulta  |T MTF Ústav výrobných technológií  |X 71923  |U M3000  |Y 83  |7 71923 
242 0 1 |a Design and production of the mounting box for the fixing components for the RJ45 connector  |y eng 
245 1 0 |a Návrh a výroba ustavovacieho boxu pre upínací komponent konektora RJ45 
260 |c 2018 
650 4 |a prípravok  |2 slo 
650 4 |a modelovanie  |2 slo 
650 4 |a montáž  |2 slo 
650 4 |a upínanie  |2 slo 
650 4 |a konektor  |2 slo 
650 4 |a component  |2 eng 
650 4 |a modeling  |2 eng 
650 4 |a assembly  |2 eng 
650 4 |a fixing  |2 eng 
650 4 |a connector  |2 eng 
700 1 |a Buranský, Ivan  |u 063600  |k Z1  |4 ths  |U MTF Ústav výrobných technológií  |T MTF Katedra obrábania a tvárnenia  |X 4587  |U M3600  |Y 841  |7 A000004587 
856 4 |u http://is.stuba.sk/zp/portal_zp.pl?podrobnosti=138757 
996 |c M* DP-13551  |l MMSKP  |s P  |a 0  |w stuzp67874_0001